Fr. Conceicao Rodrigues College of Engineering

Programming the semantic web (Record no. 34396)

MARC details
000 -LEADER
fixed length control field 00334nam a2200169Ia 4500
082 ## - DEWEY DECIMAL CLASSIFICATION NUMBER
Item number SEG
100 ## - MAIN ENTRY--PERSONAL NAME
Personal name Segaram/Toby
245 ## - TITLE STATEMENT
Title Programming the semantic web
260 ## - PUBLICATION, DISTRIBUTION, ETC.
Name of publisher, distributor, etc. SPD
Date of publication, distribution, etc. 2009
366 ## - TRADE AVAILABILITY INFORMATION
Publishers's discount category 20
300 ## - PHYSICAL DESCRIPTION
Extent 280
546 ## - LANGUAGE NOTE
Language note ENGLISH
650 ## - SUBJECT ADDED ENTRY--TOPICAL TERM
Topical term or geographic name entry element Semantic web
654 ## - SUBJECT ADDED ENTRY--FACETED TOPICAL TERMS
Focus term semantic web
942 ## - ADDED ENTRY ELEMENTS (KOHA)
Koha item type BOOK
Holdings
Withdrawn status Lost status Damaged status Not for loan Collection Home library Current library Date acquired Source of acquisition Cost, normal purchase price Inventory number Total Checkouts Full call number Barcode Date last seen Cost, replacement price Price effective from Koha item type
        CRC Fr. Agnel's C.Rodrigues College of Engineering Fr. Agnel's C.Rodrigues College of Engineering 17/03/2023 Shroff Publishers 520.00 03679 dr 24.01.2019   SEG 25520 14/02/2024 650.00   BOOK